Listen up !

Đã lưu trong:
书目详细资料
主要作者: McClintock, John
其他作者: Stern, Borje (Tác giả), Nguyễn Thành Yến (Dịch)
格式: 图书
语言:English
Vietnamese
出版: Tp. Hồ Chí Minh Nxb. Tp. Hồ Chí Minh 1996
主题:
标签: 添加标签
没有标签, 成为第一个标记此记录!
Thư viện lưu trữ: Mạng thư viện Đại học Đà Nẵng
LEADER 01190nam a22003858a 4500
001 000015651
003 12034
005 20120531080535.0
008 120531s1996 b 000 0 od
020 |d 2000b 
041 0 |a 9612 
041 0 |a eng 
041 0 |a vie 
080 |a 4(N523) 
082 |a 428  |b CL-J 
084 |a V143.21-96  |b L300S 
100 1 |a McClintock, John 
245 1 0 |a Listen up !  |c John McClintock, Borje Stern dịch và chú giải: Nguyễn Thành Yến 
260 |a Tp. Hồ Chí Minh  |b Nxb. Tp. Hồ Chí Minh  |c 1996 
300 |a 108tr  |c 21cm 
653 |a ngôn ngữ 
653 |a bài tập 
653 |a tiếng anh 
700 1 |a Stern, Borje  |e Tác giả 
700 1 |a Nguyễn Thành Yến  |e Dịch 
OWN |a LSP 
AVA |a UDN50  |b LSP  |d 428 CL-J  |e available  |t Error 5001 Not defined in file expand_doc_bib_avail.  |f 2  |g 0  |h N  |i 0  |k 1 
999 |a From the UDN01 
AVA |a UDN50  |b LSP  |d 428 CL-J  |e available  |t Error 5001 Not defined in file expand_doc_bib_avail.  |f 2  |g 0  |h N  |i 0  |k 1 
TYP |a Monograph 
TYP |a Printed language 
980 |a Mạng thư viện Đại học Đà Nẵng